<?xml version="1.0" encoding="UTF-8"?>
<record
    xmlns:xsi="http://www.w3.org/2001/XMLSchema-instance"
    xsi:schemaLocation="http://www.loc.gov/MARC21/slim http://www.loc.gov/standards/marcxml/schema/MARC21slim.xsd"
    xmlns="http://www.loc.gov/MARC21/slim">

  <leader>01787    a2200193   4500</leader>
  <controlfield tag="001">57171</controlfield>
  <controlfield tag="005">20260407155834.0</controlfield>
  <controlfield tag="008">260407a1959    arg                 spa d</controlfield>
  <controlfield tag="003">AR-UNSa-BCEJYS</controlfield>
  <datafield tag="040" ind1=" " ind2=" ">
    <subfield code="a">AR-UNSa-BCEJYS</subfield>
    <subfield code="b">spa</subfield>
    <subfield code="c">AR-UNSa-BCEJYS</subfield>
  </datafield>
  <datafield tag="080" ind1=" " ind2=" ">
    <subfield code="a">911.3:33</subfield>
    <subfield code="x">Geograf&#xED;a econ&#xF3;mica</subfield>
  </datafield>
  <datafield tag="245" ind1="1" ind2="0">
    <subfield code="a">Geograf&#xED;a general del comercio y de las comunicaciones</subfield>
  </datafield>
  <datafield tag="264" ind1=" " ind2="1">
    <subfield code="a">Barcelona :</subfield>
    <subfield code="b">Ediciones Omega</subfield>
    <subfield code="c">1959</subfield>
  </datafield>
  <datafield tag="300" ind1=" " ind2=" ">
    <subfield code="a">455 p.</subfield>
    <subfield code="c">25 cm.</subfield>
  </datafield>
  <datafield tag="505" ind1=" " ind2=" ">
    <subfield code="a">Primera parte. Fundamento geogr&#xE1;fico del comercio y de las comunicaciones mundiales y teor&#xED;a de su dinamismo: 1. Evoluci&#xF3;n hist&#xF3;rica, fundamento te&#xF3;rico y m&#xE9;todos de trabajo &#x2013; 2. El factor humano en la din&#xE1;mica del comercio y las comunicaciones de la tierra &#x2013; 3. Modalidades de las comunicaciones en lo que concierne al desplazamiento de personas &#x2013; 4. La necesidad humana de bienes promotora de las comunicaciones de car&#xE1;cter econ&#xF3;mico &#x2013; Segunda parte. Los elementos constitutivos del espacio comercial y de las comunicaciones del mundo en cuanto dependen de las condiciones geogr&#xE1;ficas y econ&#xF3;micas: 1. Las v&#xED;as de comunicaci&#xF3;n en el espacio geogr&#xE1;fico &#x2013; 2. El mercado como lugar de comercio y de comunicaciones &#x2013; 3. Mercanc&#xED;as e informaciones a trav&#xE9;s del mundo &#x2013; Tercera parte. Los espacios econ&#xF3;micos de la tierra en su estructura geogr&#xE1;fica de comercio y comunicaciones y en sus conexiones: 1. Los espacios naturales de la tierra como objeto de estudio de la geograf&#xED;a del comercio y de las comunicaciones &#x2013; 2. Los estados de la tierra en su estructura comercial y de comunicaciones &#x2013; 3. La divisi&#xF3;n del espacio comercial y de comunicaciones de la tierra seg&#xFA;n el aprovechamiento de las mismas </subfield>
  </datafield>
  <datafield tag="942" ind1=" " ind2=" ">
    <subfield code="c">BK</subfield>
  </datafield>
  <datafield tag="590" ind1=" " ind2=" ">
    <subfield code="a">niveau_biblio:m niveau_hierar:0</subfield>
  </datafield>
  <datafield tag="100" ind1="1" ind2=" ">
    <subfield code="a">Otremba, Erich</subfield>
  </datafield>
  <datafield tag="999" ind1=" " ind2=" ">
    <subfield code="c">6163</subfield>
    <subfield code="d">6163</subfield>
  </datafield>
  <datafield tag="952" ind1=" " ind2=" ">
    <subfield code="0">0</subfield>
    <subfield code="1">0</subfield>
    <subfield code="4">0</subfield>
    <subfield code="7">0</subfield>
    <subfield code="a">BCEJYS</subfield>
    <subfield code="b">BCEJYS</subfield>
    <subfield code="c">16</subfield>
    <subfield code="d">2026-04-07</subfield>
    <subfield code="l">0</subfield>
    <subfield code="o">911.3:33 O87 v.4</subfield>
    <subfield code="p">L20384</subfield>
    <subfield code="r">2026-04-07 15:58:34</subfield>
    <subfield code="w">2026-04-07</subfield>
    <subfield code="y">L</subfield>
  </datafield>
  <datafield tag="952" ind1=" " ind2=" ">
    <subfield code="0">0</subfield>
    <subfield code="1">0</subfield>
    <subfield code="4">0</subfield>
    <subfield code="7">0</subfield>
    <subfield code="a">BCEJYS</subfield>
    <subfield code="b">BCEJYS</subfield>
    <subfield code="c">16</subfield>
    <subfield code="d">2026-04-07</subfield>
    <subfield code="l">0</subfield>
    <subfield code="o">911.3:33 O87 v.4</subfield>
    <subfield code="p">L21574</subfield>
    <subfield code="r">2026-04-07 15:58:34</subfield>
    <subfield code="w">2026-04-07</subfield>
    <subfield code="y">L</subfield>
  </datafield>
  <datafield tag="952" ind1=" " ind2=" ">
    <subfield code="0">0</subfield>
    <subfield code="1">0</subfield>
    <subfield code="4">0</subfield>
    <subfield code="7">0</subfield>
    <subfield code="a">BCEJYS</subfield>
    <subfield code="b">BCEJYS</subfield>
    <subfield code="c">16</subfield>
    <subfield code="d">2026-04-07</subfield>
    <subfield code="l">0</subfield>
    <subfield code="o">911.3:33 O87 v.4</subfield>
    <subfield code="p">L21575</subfield>
    <subfield code="r">2026-04-07 15:58:34</subfield>
    <subfield code="w">2026-04-07</subfield>
    <subfield code="y">L</subfield>
  </datafield>
</record>
